| 000 | 00473nam a2200169Ia 4500 | ||
|---|---|---|---|
| 003 | IN-BaIIA | ||
| 005 | 20250703112558.0 | ||
| 008 | 211028s9999 xx 000 0 eng d | ||
| 040 | _cIIA Library | ||
| 080 |
_a550.38 _bJOY |
||
| 245 | 0 |
_aInternational association of terestiral magnetism and electriciy _cedited by J. W. Joes |
|
| 260 |
_aWashington _c1950 |
||
| 650 |
_aElectriciy _92124 |
||
| 650 |
_aMagnetism _956 |
||
| 700 |
_aJoyes, J. W., ed. _92125 |
||
| 942 |
_cBK _2ddc |
||
| 999 |
_c983 _d983 |
||